000 00701nam a2200289Ia 4500
005 20260324112942.0
008 008 260324s9999 xx 000 0 eng d
020 _a9781003490722
037 _aEBOOK
040 _aCRL
040 _beng
040 _cCRL
041 _2eng
041 _aeng
084 _qCRL
100 _aHonggang Liu
_91144817
245 0 _aLanguage Teacher Psychology in the Online Teaching Context
245 3 _bAn Ecological Perspective
260 _bTaylor and Francis
260 _c2024
365 _a
365 _b230
856 _uhttp://www.taylorfrancis.com/books/9781003490722
942 _cEBOOK
999 _c1734216
_d1734216